000 00568nam a2200205 a 4500
005 20240924070903.0
008 080625s1984 mx r 000 0 spa d
035 _aUPN01000157640
049 _aUNE
080 1 4 _aOC 016: 378.18 (7/8) BIB No.4.
245 0 0 _aBibliografía selectiva sobre juventud universitaria.
260 _aCaracas :
_bCRESALC,
_c1984.
300 _av, 40 p.
440 0 _aCRESALC. bibliografías ;
_v4
690 _aBibliografías
690 _aUniversidades
690 _aJuventud
_914365
690 _aAmérica Latina
905 _aUNESCO
999 _c129754
_d129754